Psicología cognitiva
Uloženo v:
| Hlavní autor: | |
|---|---|
| Médium: | Kniha |
| Jazyk: | španělština |
| Vydáno: |
Madrid
International Thomson
2001
Madrid Paraninfo 2001 |
| Edice: | Psicología
|
| Témata: | |
| Tagy: |
Přidat tag
Žádné tagy, Buďte první, kdo vytvoří štítek k tomuto záznamu!
|
MARC
| LEADER | 00000nam a2200000 a 4500 | ||
|---|---|---|---|
| 001 | UCM7467 | ||
| 003 | CL-VaPUC | ||
| 008 | 021220e20010000sp |||||||||||||||||spa|d | ||
| 082 | 0 | 4 | |a 153.4 |b BES |2 21 |
| 100 | 0 | |a Best, John B |e author |9 473063 | |
| 245 | 1 | 0 | |a Psicología cognitiva |
| 300 | |a 503 p | ||
| 942 | |c BK | ||
| 945 | |d 20021220 00:00:00 |a cmena | ||
| 260 | |a Madrid |b International Thomson |c 2001 | ||
| 260 | |a Madrid |b Paraninfo |c 2001 | ||
| 650 | 0 | |a Cognición |9 270347 | |
| 650 | 0 | |a Procesos mentales superiores |9 330839 | |
| 650 | 0 | |a Memoria |9 266549 | |
| 650 | 0 | |a Aprendizaje |9 254827 | |
| 650 | 7 | |a ESTRUCTURA DEL CONOCIMIENTO |2 CL-VaPUC |9 335304 | |
| 650 | 0 | |a Desarrollo del lenguaje |9 311270 | |
| 583 | |a last modification |c 20171115 10:48:51 |k Rodrigo Vera | ||
| 490 | 0 | |a Psicología | |
| 999 | |c 302258 |d 302256 | ||
| 952 | |0 0 |1 0 |4 0 |6 153_400000000000000_BES_2001_2001 |7 0 |8 A |9 362415 |a FDOPOS |b FDOPOS |d 2019-11-21 |i 3869717 |o 153.4 BES 2001 2001 |p 3869717 |r 2025-01-22 |w 2019-11-21 |y BK |k MLA | ||